Conscription for woman - Statistics

General Stats
  • This quiz has been taken 37 times
  • The average score is 3 of 8
Answer Stats
Answer % Correct
Israel
100%
North Korea
59%
Norway
44%
Sweden
44%
Eritrea
26%
Chad
15%
Bolivia
6%
Mozambique
6%
No matching quizzes found
Score Distribution
Percent of People with Each Score
Percentile by Number Answered
Your Score History
You have not taken this quiz